000 01015naa a22002777a 4500
001 BR6004778
003 BR-BrBNA
005 20240918172857.0
007 ta
008 230509b bl.||||| |||| 00| 0 por d
040 _aBR-BrBNA
_bpor
_cBiblioteca Nacional de Agricultura
041 _a(Pt)
072 _aE70
_b2110
090 _aE70 BR6004778
100 1 _aBastos, C.A.S.
111 1 _a7. Semana do Fazendeiro; 4. Encontro de Tecnicos e Fazendeiros
_cUrucuca, BA (Brazil)
_d19 Sep 1971
245 1 _aPadronizacao de cacau. Classificacao
260 3 _aUrucuca, BA (Brasil):
_c1971.
500 _a7. Semana do Fazendeiro e 4. Encontro de Tecnicos e Fazendeiros Urucuca, BA (Brasil): 1971. p. 48-56 (BR6004778-AM)E70
650 _aComercializacao
650 _aCacau
650 _aControle de qualidade
773 0 _t7. Semana do Fazendeiro e 4. Encontro de Tecnicos e Fazendeiros
_b
_wE70 BR6004778
_gUrucuca, BA (Brasil), 1971. p. 48-56
909 _a202404
_bLucia
_c55
_dLucia Elande
942 _cAM
_2AGRIS
999 _c301870
_d301870